| 000 | 01458nam a22003017a 4500 | ||
|---|---|---|---|
| 005 | 20110301154746.0 | ||
| 008 | 110301t xxu||||| |||| 00| 0 eng d | ||
| 010 | _aENG-102070 | ||
| 020 |
_a9780071070959 _c395.00 |
||
| 020 |
_a0071070958 _c395.00 |
||
| 035 | _aEN-85603 | ||
| 037 | _bDBAD/PUB | ||
| 040 |
_adpl _bEng |
||
| 082 | 0 | 0 |
_a302.234 _222 |
| 100 | 1 |
_aCharnock, Elizabeth _926363 |
|
| 245 | 1 | 0 |
_aE-habits : _bwhat you must do to optimize your professional digital presence / _cby Elizabeth Charnock |
| 260 |
_aNew Delhi _bTata McGraw-Hill _cc2010 |
||
| 270 |
_a7, West Patel Nagar _bNew Delhi _e110008 |
||
| 300 |
_avi, 250 p. : _bill. _c22 cm (pbk) |
||
| 500 | _aIncludes index | ||
| 505 | 0 | _aThe digital you -- The digital you at work -- Actions speak louder than words -- Annoying digital you character traits -- The digital you in a bad mood -- Love, sex, romance and the digital you -- When the spotlight shines on you -- The twists and turns of the digital grapevine -- Can the digital you improve the real you?. | |
| 650 | 0 |
_aDigital communications. _926364 |
|
| 650 | 0 |
_aDigital media. _926365 |
|
| 650 | 0 |
_aWork environment. _926366 |
|
| 942 |
_2ddc _cEN _h302.234 _mCHA |
||
| 999 |
_c50851 _d50851 |
||